00712nam a2200241 i 4500001000300000100002100003245005200024260003300076300003600109504001200145650001200157655001800169020001500187040000800202041000700210080002300217920001800240942000700258008004100265999001700306856009800323952004900421bg1 aŻERO, Andrzej.10aAutoCAD dla Windows 95.nT.2 /cAndrzej Żero. aWarszawa :b"Exit",c[1998]. a277 s. :brys., wykr. ;c20 cm. aIndeks. 9aAutoCAD aPodręczniki a8385451846 cBPK0 apl a004.42:004.92](07) a83-85451-84-6 cKS s pl f |000 0 pol  c37489d37489 uhttp://koha.tu.koszalin.pl/cgi-bin/koha/opac-detail.pl?biblionumber=37489yKatalog online BPK 00104070aBPKbBPKcwo53726p01494228yKS